Länder gezeichnet - Statistiken

Allgemein
  • Dieses Quiz wurde 50.890 mal gespielt
  • Das Durchschnittsergebnis liegt bei 5 aus 16
Antworten auf der Karte
Die Antworten werden auf der Karte rot bzw. grün angezeigt, abhängig davon wie oft sie richtig erraten wurden.
 
Antwortstatistiken
% Korrekt
Vereinigtes Königreich
51%
Vereinigte Staaten
51%
Deutschland
49%
Italien
49%
Chile
48%
Frankreich
48%
Kroatien
48%
Norwegen
48%
Indien
47%
Island
47%
Russland
47%
Spanien
47%
Australien
46%
Griechenland
46%
Österreich
46%
Ägypten
45%
Japan
44%
Marokko
44%
Mexiko
44%
Schweiz
44%
Thailand
44%
Türkei
44%
Südafrika
43%
Vietnam
43%
Zypern
43%
China
42%
Portugal
42%
Irland
41%
Myanmar
41%
Neuseeland
41%
Ukraine
41%
Nepal
40%
Niederlande
40%
Schweden
40%
Brasilien
39%
Dänemark
39%
Finnland
39%
Israel
39%
Kuba
39%
Somalia
39%
Argentinien
38%
Bosnien und Herzegowina
38%
Papua-Neuguinea
38%
Sri Lanka
38%
Tschechien
38%
Laos
37%
Libyen
37%
Senegal
37%
Vatikanstadt
37%
Mali
36%
Namibia
36%
Benin
35%
Gambia
35%
Tschad
35%
Madagaskar
34%
Polen
34%
Malaysia
33%
Monaco
33%
Sambia
33%
Kasachstan
32%
Oman
32%
Pakistan
32%
Saudi-Arabien
32%
Bangladesch
31%
Demokratische Republik Kongo
31%
Jemen
31%
Peru
31%
Afghanistan
30%
Albanien
30%
Algerien
30%
Äthiopien
30%
Iran
30%
Moldawien
30%
Panama
30%
Venezuela
30%
Mauretanien
29%
Niger
29%
Usbekistan
29%
Angola
28%
Bulgarien
28%
Eritrea
28%
Haiti
28%
Jordanien
28%
Lettland
28%
Malawi
28%
Tunesien
28%
Irak
27%
Mosambik
27%
Syrien
27%
Taiwan
27%
Togo
27%
Vereinigte Arabische Emirate
27%
Ghana
26%
Nordkorea
26%
Slowenien
26%
Belgien
25%
Kamerun
25%
Südkorea
25%
Elfenbeinküste
24%
Estland
24%
Nicaragua
24%
Georgien
23%
Jamaika
23%
Litauen
23%
Malta
23%
Paraguay
23%
Tadschikistan
23%
Trinidad und Tobago
23%
Aserbaidschan
22%
Belize
22%
Gabun
22%
Kolumbien
22%
Nigeria
22%
Tansania
22%
Guinea
21%
Guyana
21%
Zentralafrikanische Republik
21%
Costa Rica
20%
Kirgisistan
20%
Bolivien
19%
Botswana
19%
Guatemala
19%
Kenia
19%
Republik Kongo
19%
Kuwait
18%
Liberia
18%
Südsudan
18%
Honduras
17%
Simbabwe
17%
Armenien
16%
Katar
16%
Ecuador
15%
Sierra Leone
14%
Brunei
13%
Dschibuti
13%
El Salvador
13%
Uruguay
13%
Burundi
12%
Dominikanische Republik
12%
Lesotho
12%
Libanon
12%
Keine übereinstimmenden Quizze gefunden
Verteilung der Resultate
Anzahl Personen mit jedem Resultat
Perzentil nach korrekt beantworteten Fragen
Ihre Resultats-Entwicklung
Sie haben dieses Quiz noch nicht gespielt